Kompetence pedagoga volného času

Bibliographic Details
Main Author: Nádvorníková, Hana (Author)
Format: Article
Language:Czech
Subjects:

MARC

LEADER 00000nab a2200000 a 4500
001 vtls001511293
003 SK-MaSNL
005 20260303210730.0
008 140716s2002 xo 000 0 cze
035 |a SPKCL13620 
040 |a SPKCL  |b slo  |c SNKBUCL  |d ŠVK P(ZDZ)  |e AACR2 
041 |a cze 
044 |a xo  |c SK 
080 |a 379.8:371.13:374  |2 1981 
100 1 |a Nádvorníková, Hana  |4 aut  |9 1080711 
245 1 0 |a Kompetence pedagoga volného času  |c Hana Nádvorníková 
650 0 7 |a mimoškolská výchova  |2 snkbucl  |9 68710 
650 0 7 |a voľný čas  |2 snkbucl  |9 3355 
650 0 7 |a pedagógovia voľného času  |2 snkbucl  |9 966901 
773 1 |t Vychovávateľ : Časopis pedagógov  |g Roč. 47, č. 9 (2002) s. 9-10 
850 |a Slovenská pedagogická knižnica Bratislava 
852 |a SPKCL  |b KIS3GCP  |b 000710000  |n SK 
999 |c 2201420  |d 2203350